000 01553nam0a2200325 4500
001 RU\NLR\bibl\1028736
005 20260405071102.0
010 _a5-91170-003-4
021 _aRU
_b2007-6111
_9324
035 _a(NLR Aleph) 001016220
090 _a669712
_c669712
100 _a20070110d2006 |||y0rusy50 ca
101 0 _arus
102 _aRU
105 _aa |||||||||
200 1 _aВзаимоотношения врачей и пациентов на детском стоматологическом приеме и пути их улучшения
_fЕ.Г. Киселева, Д.А. Кузьмина
210 _aСанкт-Петербург
_cМЕДИ издтельство
_d2006
215 _a48 с.
_cил.
_d23
225 1 _aИнститут стоматологии
300 _aНа обороте тит. л. авт.: к.м.н., доц. Е.Г. Киселева, к.м.н. Д.А. Кузьмина
320 _aБиблиогр.: с. 48 (16 назв.)
606 1 _aСтоматологическая помощь детям
_yРоссийская Федерация
_92297075
_3RU\NLR\auth\661375428
686 _aР11(2)442.866
700 1 _4070
_8rus
_7ca
_aКиселева
_bЕ. Г.
_cканд. мед. наук
_gЕлена Генриховна
_3RU\NLR\auth\7724231
_97282
701 1 _4070
_8rus
_7ca
_aКузьмина
_bД. А.
_cд-р мед. наук
_gДиана Алексеевна
_3RU\NLR\auth\7724234
_97285
801 0 _aRU
_bNLR
_c20070110
_gRCR
801 1 _aRU
_bNLR
_c20070110
942 _cBOOK
980 _aNB